书目信息 |
| 题名: |
抗日名将范子侠
|
|
| 作者: | 王了 著 | |
| 分册: | ||
| 出版信息: | 北京 新华出版社 2015 |
|
| 页数: | 212页 | |
| 开本: | 24cm | |
| 丛书名: | ||
| 单 册: | ||
| 中图分类: | I253.2 | |
| 科图分类: | ||
| 主题词: | 传记文学--中国--当代 | |
| 电子资源: | ||
| ISBN: | 978-7-5166-1952-0 | |
| 000 | 00875nam0 2200229 450 | |
| 001 | 012001002874 | |
| 005 | 20140926114740.0 | |
| 010 | @a978-7-5166-1952-0@dCNY38.00 | |
| 100 | @a20151101d2015 em y0chiy50 ea | |
| 101 | 0 | @achi |
| 102 | @aCN@b110000 | |
| 105 | @aa z 000zd | |
| 106 | @ar | |
| 200 | 1 | @a抗日名将范子侠@9kang ri ming jiang fan zi xia@f王了著 |
| 210 | @a北京@c新华出版社@d2015 | |
| 215 | @a212页@c图@d24cm | |
| 330 | @a本书以抗日名将范子侠将军辉煌而短暂的一生为线索,详细生动地记述了范子侠将军在抗日战争时期为了国家独立和民族解放而英勇牺牲的先进事迹,彰显了范将军率领抗日武装加入八路军英勇抗日的革命精神,由衷地赞美了范子侠将军伟大而崇高的人格,以及感人至深的爱国主义情操。 | |
| 606 | 0 | @a传记文学@y中国@z当代 |
| 690 | @aI253.2@v5 | |
| 701 | 0 | @a王了@9wang liao@f(1981-)@4著 |
| 801 | 0 | @aCN@b上海新华@c20180901 |
| 905 | @b1161686-90@dI253.2@e1072@f5 | |
| 抗日名将范子侠/王了著.-北京:新华出版社,2015 |
| 212页:图;24cm |
| ISBN 978-7-5166-1952-0:CNY38.00 |
| 本书以抗日名将范子侠将军辉煌而短暂的一生为线索,详细生动地记述了范子侠将军在抗日战争时期为了国家独立和民族解放而英勇牺牲的先进事迹,彰显了范将军率领抗日武装加入八路军英勇抗日的革命精神,由衷地赞美了范子侠将军伟大而崇高的人格,以及感人至深的爱国主义情操。 |
| ● |
| 相关链接 |
|
|
|
|
正题名:抗日名将范子侠
索取号:I253.2/1072
 
预约/预借
| 序号 | 登录号 | 条形码 | 馆藏地/架位号 | 状态 | 备注 |
| 1 | 1161686 | 211616866 | 第一样本阅览室/ [索取号:I253.2/1072] | 在馆 | |
| 2 | 1161687 | 211616875 | 密集书库-文学院/ [索取号:I253.2/1072] | 在馆 | |
| 3 | 1161688 | 211616884 | 第二借阅区/ [索取号:I253.2/1072] | 在馆 | |
| 4 | 1161689 | 211616893 | 第二借阅区/ [索取号:I253.2/1072] | 在馆 | |
| 5 | 1161690 | 211616900 | 第二借阅区/ [索取号:I253.2/1072] | 在馆 |